Les Emirats arabes unis en images - Statistiques

Statistiques générales
  • Ce quiz a été pris 299 fois
  • Le résultat moyen est 10 sur 18
Statistiques - réponses
Par images Hint Réponse % Correct
Ville Dubaï
97%
Produit Pétrole
92%
Edifice Burj Khalifa
90%
Compagnie aérienne Fly Emirates
84%
Ville Abou Dabi
79%
Golfe Golfe {persique}
65%
Animal national Faucon
64%
Influenceuse Nabilla
64%
Monnaie Dirham
60%
Sport Course de dromadaires
55%
Archipel artificiel Palm Islands
51%
Parc d'attractions {Ferrari} World
50%
Désert Désert d'{Arabie}
48%
Conférence internationale COP28
46%
Détroit Détroit d'{Ormuz}
37%
Hôtel Burj Al Arab
24%
Evènement Expo 2020
11%
Président Mohammed ben Zayed Al Nahyane
8%
Aucun quiz correspondant
Distribution des résultats
% des personnes avec chaque résultat
Percentile par nombre de réponses
Votre historique - résultats
Vous n’avez pas pris ce quiz